Vplyv bukového a smrekového porastu na ukladanie a topenie snehu v rokoch 2003-2007

Bibliographic Details
Main Author: Hríbik, Matúš (Author)
Format: Article
Language:Slovak
PhysicalDescription:Obr., tab.
ISSN:0231-5785
Subjects:

MARC

LEADER 00000nab a2200000 a 4500
001 vtls010026451
003 SK-MaSNL
005 20260304183745.0
008 250708c2007 xo |||||||||||000 b|slo
015 |a SNBRA2009/11  |2 snkbucl 
035 |a (uuid)9a0d8683-725b-430c-b452-0d3c66de0d7a 
035 |a urn:nbn:sk:snk-abab8a 
035 |a (urnnbn)urn:nbn:sk:snk:ar-a09o58 
038 |a SNKBUCL 
040 |a SNKBUCL  |b slo  |c SNKBUCL  |e AACR2 
041 0 |a slo  |b eng 
044 |a xo  |c SK 
080 |a 630*111  |x (437.6)  |2 1997 
080 |a 551.578.46  |x (437.6)  |2 1997 
100 1 |a Hríbik, Matúš  |4 aut  |9 549085 
245 1 0 |a Vplyv bukového a smrekového porastu na ukladanie a topenie snehu v rokoch 2003-2007  |c Matúš Hríbik 
300 |b Obr., tab. 
504 |a Bibliogr. odkazy 
546 |a Res. angl. 
650 0 7 |a buk  |2 snkbucl  |9 377515 
650 0 7 |a smrek  |2 snkbucl  |9 56948 
650 0 7 |a lesné porasty  |2 snkbucl  |9 67666 
650 0 7 |a snehová pokrývka  |2 snkbucl  |9 29032 
650 0 7 |a vodná hodnota snehu  |2 snkbucl  |9 1321504 
650 0 7 |a sneh  |2 snkbucl  |9 19269 
651 7 |a Chránená krajinná oblasť Poľana (Slovensko)  |2 snkbucl  |9 104271 
773 0 |t Acta Facultatis Forestalis Zvolen. Slovakia. XLIX - 2007  |d Zvolen : Technická univerzita, 2007  |g Suppl. 1, s. 97-108  |x 0231-5785 
850 |a Slovenská národná knižnica 
852 |a Slovenská národná knižnica 
954 |a odborná, vedecká literatúra pôvodná (slovenská)  |2 lita 
958 |a article13 
958 |a OND 
958 |a NB 
958 |a EUIPO 
999 |c 3035736  |d 3037666